00621nam a2200169 4500001000700000003000900007007000300016008004100019100001900060245022300079250001200302260003000314300004000344700002100384700002500405852002100430126852ES-MaACLt|070214s1933 sp r ||||1| spa d1 aRibbert, Hugo.10aTratado de Patología General y Anatomía Patológica / ciniciado por el Prof. H. Ribbert ; edición completamente reformada por Carl Sterbeng ; traducido de la 2ª edición alemana por el Dr. Francisco Piñero. a2ª ed. aMadrid : bLabor, c1933. aXVI, 708 p. : bil. ; c25 x 17 cm.1 aSternberg, Carl.1 aPiñero, Francisco. aES-MaACLjE-1682